Statistiques concernant Culture générale 1

Cliquez ici pour prendre le quiz!

Statistiques générales

  • Ce quiz a été pris 173 fois
  • Le résultat moyen est 5 sur 20

Statistiques - réponses

HintRéponse% Correct
Quel est l'animal le plus cité dans les Fables de La Fontaine ?Renard
81%
Sur quel astre peut-on trouver la Mer de la Tranquillité ?Lune
57%
Dans la mythologie grecque, comment s'appelle le fils de l’architecte Dédale, qui est mort en ayant volé trop près du Soleil dans sa fuite du labyrinthe ?Icare
54%
Quel pays actuel s'appelait jusqu'en 1965 Rhodésie du Sud ?Zimbabwe
41%
Dans quel pays se trouve le pont de Chaotianmen, plus grand pont en arc du monde ?Chine
40%
Dans quel domaine le Français Alain Aspect a-t-il obtenu un Prix Nobel en 2022 ?Physique
36%
De quel pays Marguerite II est-elle reine depuis 1972 ?Danemark
35%
Dans quel département se trouve la station balnéaire de Pornic ?Loire-Atlantique
27%
Par quel mot espagnol désigne-t-on un passionné de corrida ?Aficionado
23%
Quel est le numéro d'agent du tueur à gages Hitman ?47
21%
Quelle chaîne de montagnes traverse toute l'Italie du Nord au Sud ?Appenins
20%
Quel dictateur a été président de la Roumanie de 1967 à 1989 ?Nicolae Ceausescu
20%
Combien d'années de mariage sont fêtées lors des noces d'eau ?100
17%
Quelle ville de Vendée s'appelait autrefois "Napoléon" ou "Bourbon-Vendée" ?La Roche-sur-Yon
16%
Quel animal est l'emblème de Wall Street ?Taureau
13%
Quel massif montagneux d'Andalousie est le deuxième plus élevé d'Europe occidentale après les Alpes ?Sierra Nevada
10%
Quelle ville de Meurthe-et-Moselle est surnommée "le Versailles lorrain" ?Lunéville
7%
Quelle ville des Yvelines est considérée comme la capitale française de la batellerie ?Conflans-Sainte-Honorine
6%
Complétez l'expression suivante par le mot manquant : "36 métiers, 36 ..."Misères
3%
Dans quelle rue de Paris peut-on trouver le ministère de l'Agriculture ?Rue de Varenne
3%

Distribution des résultats

Percentile par nombre de réponses

% des personnes avec chaque résultat

Votre développement - résultats

Vous n’avez pas pris ce quiz